| 000 | 00359nam a2200133 a 4500 | ||
|---|---|---|---|
| 008 | 970708s1962||||xx 0 und c | ||
| 040 |
_aSNK _bslo _cSNK _eAACR2 |
||
| 245 | 1 | 0 | _aSborník Slovenského Národného Múzea. Roč. 1952-1960, |
| 260 |
_aBratislava _bOsveta _c1962 |
||
| 044 |
_axo _cSK |
||
| 041 | _aslo | ||
| 100 | 1 | _aMatula,Vladimír | |
| 020 | _c23,50 | ||
| 999 |
_c19164 _d19164 |
||